00277nam a2200121Ia 4500008004100000041000900041082001300050100002600063245002800089260002200117300000800139650000800147230718s9999 xx 000 0 und d aEng. a"bAGG-P aAggenaward om pakash  0aPunjab Tenany Act(1887) aPakistanb"c2004 a168 aLaw